01605nam a22004097a 4500003000500000005001700005008004100022010000900063011001000072035000900082040000900091090001000100100004200110245008600152260004200238300001100280502006800291590003700359590004100396590004100437590004100478590004100519590004100560590004200601650003300643650003500676650004100711650003300752650003300785901000700818942000900825949004100834949004600875999001500921952013200936952012701068CHAP20220329133706.0971013s1993 r 00010 d a9552 a10524 a9761 cCHAP aTesis00aSoria Idrovo, Norman Aurelio.9108755 aEfecto de nutrición foliar en la producción forzada de durazno cv. flordagold aMontecillo, Méx. :bEl autor,c1993 a100 h. aTesis (M.C. Esp. en Fruticultura) -- CP. Centro de Fruticultura aALEPHb10c20130110lUCH01h1225 aBATCH-UPDb10c20130110lUCH01h0028 aBATCH-UPDb10c20130110lUCH01h1712 aBATCH-UPDb10c20130409lUCH01h2009 aBATCH-UPDb10c20130410lUCH01h1057 aBATCH-UPDb10c20130914lUCH01h1200 aCONVERSIONb10c20130109lUCH01h130614aDiagnóstico foliar.93239414aDuraznoxDefoliación.93458714aDuraznoxElementos minerales.93459214aDuraznoxFloración.93460014aDuraznoxRendimiento.934625 aBK cFOLL bBCcTESd-20829eTS1h26529i9761si bBCcTESd-20831eTS2fc.2h26530i9761si c9552d9552 00102local4053708TESISaBCbBCcPA_TESISd2019-12-31fTESISl0oTesisp-20831r2019-12-31 00:00:00tc.2w2019-12-31yTESIS 00102local4051708TESISaBCbBCcPA_TESISd2019-12-31fTESISl0oTesisp-20829r2019-12-31 00:00:00w2019-12-31yTESIS